[Event "Wch Blitz (Women)"]
[Site "Almaty"]
[Date "2022.12.30"]
[Round "12"]
[White "Enkhtuul, Altanulzii"]
[Black "Maltsevskaya, Aleksandra"]
[Result "0-1"]
[WhiteElo "2139"]
[BlackElo "2296"]
[PlyCount "70"]
[EventDate "2022.12.29"]
[EventType "swiss (blitz)"]
[EventRounds "17"]
[EventCountry "KAZ"]
[SourceTitle "CBM 211 Extra"]
[Source "ChessBase"]
[SourceDate "2023.01.31"]
[SourceVersion "1"]
[SourceVersionDate "2023.01.31"]
[SourceQuality "1"]

1. Nf3 Nf6 2. d4 g6 3. g3 Bg7 4. Bg2 0-0 5. 0-0 d6 6. c4 Nbd7 7. Nc3 e5 8. dxe5 dxe5 9. Bg5 h6 10. Bxf6 Qxf6 11. Nd5 Qd8 12. Nd2 c6 13. Nc3 Qe7 14. Nde4 f5 15. Nd6 Rd8 16. Nxc8 Raxc8 17. Qb3 Nf6 18. Rad1 Kh7 19. Qa4 a6 20. Qa5 e4 21. Rxd8 Rxd8 22. Rd1 Rd7 23. Qb6 Ng4 24. h3 Ne5 25. Qb3 h5 26. a3 h4 27. Rxd7 Qxd7 28. gxh4 Qd2 29. c5 Qe1+ 30. Bf1 e3 31. fxe3 Qg3+ 32. Kh1 Qxe3 33. Qd1 Qg3 34. e4 Nf3 35. Qe2 Qg1# 0-1

[Event "Wch Blitz (Women)"]
[Site "Almaty"]
[Date "2022.12.30"]
[Round "16"]
[White "Enkhtuul, Altanulzii"]
[Black "Nurgaliyeva, Zarina"]
[Result "0-1"]
[WhiteElo "2139"]
[BlackElo "1904"]
[PlyCount "128"]
[EventDate "2022.12.29"]
[EventType "swiss (blitz)"]
[EventRounds "17"]
[EventCountry "KAZ"]
[SourceTitle "CBM 211 Extra"]
[Source "ChessBase"]
[SourceDate "2023.01.31"]
[SourceVersion "1"]
[SourceVersionDate "2023.01.31"]
[SourceQuality "1"]

1. d4 Nf6 2. Nc3 d5 3. Bf4 c5 4. e3 cxd4 5. exd4 a6 6. Nf3 Nc6 7. Qd2 h6 8. Ne5 Bf5 9. Be2 e6 10. a3 Nxe5 11. Bxe5 Bd6 12. 0-0 0-0 13. h3 Rc8 14. Bxd6 Qxd6 15. Bd3 b5 16. Bxf5 exf5 17. Rfe1 Rc6 18. Re5 Ne4 19. Nxe4 fxe4 20. c3 a5 21. Qd1 f6 22. Rh5 f5 23. g4 f4 24. Qb3 Rd8 25. Re1 Kh7 26. Qxb5 Rb6 27. Qc5 Rxb2 28. Qxa5 e3 29. f3 Qg6 30. Qxd8 Qc2 31. Rxh6+ Kxh6 32. Qh8+ Kg6 33. Qe8+ Kf6 34. Qf8+ Ke6 35. Qe8+ Kd6 36. Qd8+ Kc6 37. Qc8+ Kb5 38. Qc5+ Ka4 39. Qc6+ Rb5 40. Qa6+ Ra5 41. Qe2 Qxe2 42. Rxe2 Kxa3 43. Kg2 Kb3 44. h4 Kxc3 45. g5 Kd3 46. Re1 Ra2+ 47. Kf1 Rf2+ 48. Kg1 Rxf3 49. Rd1+ Ke4 50. Re1 Rg3+ 51. Kh2 Kxd4 52. Rf1 Ke4 53. Ra1 d4 54. Ra7 e2 55. Rxg7 Kd3 56. Re7 Re3 57. Rxe3+ Kxe3 58. Kh3 e1Q 59. Kg4 f3 60. g6 f2 61. g7 Qg1+ 62. Kh5 f1Q 63. g8Q Qxg8 64. Kh6 Qf6+ 0-1

[Event "Wch Blitz (Women)"]
[Site "Almaty"]
[Date "2022.12.30"]
[Round "14"]
[White "Enkhtuul, Altanulzii"]
[Black "Pourkashiyan, Atousa"]
[Result "1-0"]
[WhiteElo "2139"]
[BlackElo "2248"]
[PlyCount "152"]
[EventDate "2022.12.29"]
[EventType "swiss (blitz)"]
[EventRounds "17"]
[EventCountry "KAZ"]
[SourceTitle "CBM 211 Extra"]
[Source "ChessBase"]
[SourceDate "2023.01.31"]
[SourceVersion "1"]
[SourceVersionDate "2023.01.31"]
[SourceQuality "1"]

1. d4 Nf6 2. Nc3 d5 3. Bf4 e6 4. a3 c6 5. e3 Be7 6. h3 Nbd7 7. g4 Ne4 8. Nxe4 dxe4 9. Ne2 b6 10. Ng3 Nf6 11. c4 0-0 12. g5 Nd7 13. Nxe4 Bb7 14. Bg2 Kh8 15. h4 c5 16. 0-0 f5 17. Ng3 Bxg2 18. Kxg2 cxd4 19. exd4 Qc8 20. Qe2 e5 21. dxe5 Nc5 22. f3 Ne6 23. Bd2 f4 24. Ne4 Nd4 25. Qd3 Nf5 26. Rh1 Rd8 27. Qc3 Bc5 28. Bxf4 Bd4 29. Qe1 Qxc4 30. Rc1 Qf7 31. h5 Ne7 32. Bg3 Nd5 33. g6 Qf5 34. Rc3 Bxc3 35. Nxc3 Nxc3 36. Qxc3 Rd3 37. Qc6 Rd2+ 38. Bf2 Qg5+ 39. Kf1 Rd1+ 40. Be1 Rad8 41. Qe4 Qc1 42. Kf2 Qxb2+ 43. Kg3 R1d4 44. Qf5 Qe2 45. gxh7 R4d5 46. Bc3 Rd3 47. Bb4 R3d5 48. Bc3 Rd3 49. Re1 Qc2 50. Bb4 Qb3 51. e6 R3d5 52. Qf4 Qc2 53. e7 Re8 54. Qf8+ Kxh7 55. Qxe8 Rg5+ 56. Kf4 Qf5+ 57. Ke3 Qe6+ 58. Kf2 Qa2+ 59. Re2 Rg2+ 60. Kxg2 Qxe2+ 61. Kg3 Qe5+ 62. Kf2 Qd4+ 63. Ke2 Qb2+ 64. Kd3 Qb3+ 65. Bc3 Qd5+ 66. Kc2 Qa2+ 67. Bb2 Qc4+ 68. Kd2 Qd5+ 69. Ke2 Qc4+ 70. Kf2 Qc5+ 71. Kg2 Qg5+ 72. Kh3 Qf5+ 73. Kg3 Qg5+ 74. Kh2 Qf4+ 75. Kg2 Qg5+ 76. Kf1 Qb5+ 1-0

[Event "Wch Blitz (Women)"]
[Site "Almaty"]
[Date "2022.12.30"]
[Round "17"]
[White "Lu, Miaoyi"]
[Black "Enkhtuul, Altanulzii"]
[Result "1-0"]
[WhiteElo "2168"]
[BlackElo "2139"]
[PlyCount "67"]
[EventDate "2022.12.29"]
[EventType "swiss (blitz)"]
[EventRounds "17"]
[EventCountry "KAZ"]
[SourceTitle "CBM 211 Extra"]
[Source "ChessBase"]
[SourceDate "2023.01.31"]
[SourceVersion "1"]
[SourceVersionDate "2023.01.31"]
[SourceQuality "1"]

1. e4 Nf6 2. e5 Nd5 3. d4 d6 4. c4 Nb6 5. f4 dxe5 6. fxe5 c5 7. d5 e6 8. Nc3 exd5 9. cxd5 Qh4+ 10. g3 Qd4 11. Bf4 g5 12. Bxg5 Qxe5+ 13. Qe2 Bg7 14. 0-0-0 0-0 15. Qxe5 Bxe5 16. Be7 Re8 17. d6 Nc6 18. Bb5 Bd7 19. Bg5 f6 20. Bf4 a6 21. Bxe5 Rxe5 22. Bd3 f5 23. Nf3 Re3 24. Nh4 Nd4 25. Rhf1 Rf8 26. Rf4 Re5 27. Rdf1 Re6 28. Nxf5 Nxf5 29. Bxf5 Rxf5 30. Rxf5 Rxd6 31. Rxc5 Bh3 32. Rf2 Be6 33. Rg5+ Kh8 34. Rf8+ 1-0

[Event "Wch Blitz (Women)"]
[Site "Almaty"]
[Date "2022.12.29"]
[Round "4"]
[White "Enkhtuul, Altanulzii"]
[Black "Girya, Olga"]
[Result "1-0"]
[WhiteElo "2139"]
[BlackElo "2310"]
[PlyCount "157"]
[EventDate "2022.12.29"]
[EventType "swiss (blitz)"]
[EventRounds "17"]
[EventCountry "KAZ"]
[SourceTitle "CBM 211 Extra"]
[Source "ChessBase"]
[SourceDate "2023.01.31"]
[SourceVersion "1"]
[SourceVersionDate "2023.01.31"]
[SourceQuality "1"]

1. d4 Nf6 2. Bf4 e6 3. Nf3 c5 4. c3 b6 5. e3 Be7 6. Be2 0-0 7. h3 Ba6 8. 0-0 Bxe2 9. Qxe2 Nc6 10. Ne5 Qc8 11. Nd2 d6 12. Nxc6 Qxc6 13. Bg5 h6 14. Bh4 Rfe8 15. Qf3 Rac8 16. Bxf6 Qxf3 17. Nxf3 Bxf6 18. Rfd1 d5 19. a4 a6 20. a5 b5 21. dxc5 Rxc5 22. Nd4 Rc4 23. Nc2 Be7 24. Ra2 Rec8 25. Nd4 h5 26. g3 g6 27. Kg2 b4 28. cxb4 Rxb4 29. Rd2 Bf6 30. Ne2 Rcb8 31. Nc3 Rb3 32. Na4 R8b5 33. Nb6 Rxb2 34. Nd7 Bc3 35. Rc2 Rxc2 36. Rxc2 Bxa5 37. Nf6+ Kg7 38. Ne8+ Kf8 39. Nd6 Rb8 40. Nc8 Bb4 41. Na7 a5 42. Nc6 Rc8 43. Nxb4 Ra8 44. Ra2 a4 45. Ra3 Ke7 46. Na2 Kd6 47. Nc3 e5 48. Rxa4 Rc8 49. Ne2 Rc2 50. Kf1 Ke6 51. g4 hxg4 52. hxg4 Rb2 53. Ng3 Rb1+ 54. Kg2 Rb2 55. Ra6+ Ke7 56. Kf3 Rb3 57. Ra7+ Ke6 58. Ne2 d4 59. Ra6+ Ke7 60. Ke4 dxe3 61. fxe3 f6 62. Kf3 Rb4 63. g5 fxg5 64. Rxg6 e4+ 65. Kf2 Rb5 66. Nc3 Rf5+ 67. Ke2 Kf7 68. Rd6 Re5 69. Rd4 Kf6 70. Nxe4+ Kf5 71. Ng3+ Kg6 72. Kf3 Ra5 73. Rd6+ Kg7 74. Kg4 Re5 75. e4 Kf7 76. Rd5 Rxd5 77. exd5 Kf6 78. Ne4+ Ke5 79. d6 1-0

[Event "Wch Blitz (Women)"]
[Site "Almaty"]
[Date "2022.12.29"]
[Round "7"]
[White "Voit, Daria"]
[Black "Enkhtuul, Altanulzii"]
[Result "1-0"]
[WhiteElo "2260"]
[BlackElo "2139"]
[PlyCount "81"]
[EventDate "2022.12.29"]
[EventType "swiss (blitz)"]
[EventRounds "17"]
[EventCountry "KAZ"]
[SourceTitle "CBM 211 Extra"]
[Source "ChessBase"]
[SourceDate "2023.01.31"]
[SourceVersion "1"]
[SourceVersionDate "2023.01.31"]
[SourceQuality "1"]

1. d4 c5 2. d5 d6 3. e4 Nf6 4. Nc3 g6 5. f4 Bg7 6. Nf3 0-0 7. Bd3 Na6 8. 0-0 Nb4 9. Bc4 a6 10. a3 b5 11. axb4 bxc4 12. bxc5 dxc5 13. e5 Ne8 14. Be3 Qc7 15. Nd2 a5 16. Nxc4 Ba6 17. b3 Rd8 18. Rf2 f6 19. Rxa5 Bxc4 20. Rxc5 Qa7 21. bxc4 fxe5 22. fxe5 Rxf2 23. Bxf2 Bxe5 24. Ne4 Qb8 25. g3 Nd6 26. Nxd6 exd6 27. Rb5 Qc8 28. c5 dxc5 29. Rxc5 Qd7 30. Kg2 Bd6 31. Ra5 Rf8 32. Qd4 Qf5 33. c4 Be5 34. Qe3 Bg7 35. Ra7 Kh8 36. d6 Bh6 37. Qd4+ Rf6 38. d7 Qf3+ 39. Kg1 Bf8 40. d8Q Kg8 41. Q8xf6 1-0